• 首页
  • 本馆介绍
  • 公告通知
  • 最新文献
  • 馆藏检索
  • 电子资源
  • 读者导购
  • 参考咨询
  • 我的图书馆
  • 登录
  • 详细信息显示
  • 放入我的书架
  • 预约/预借图书
  • 作者相关作品
  • 分类相关作品
  • 丛书相关作品
  • 出版社相关作品

书目信息

  • 表格格式
  • 工作单格式
  • 卡片格式
题名:
杜伊威尔的社会政治哲学研究
    
 
作者: 郝涛 著
分册:  
出版信息: 北京   社会科学文献出版社·社会政法分社  2017
页数: 240页
开本: 24cm
丛书名: 哲学与社会发展文丛
单 册:
中图分类: B563.9
科图分类:
主题词: 社会哲学--政治哲学--研究--荷兰--现代
电子资源:
ISBN: 978-7-5201-1621-3
000 01331oam2 2200289 45
001 012001005631
005 20080820141817.0
010    @a978-7-5201-1621-3@dCNY68.00
100    @a20180217d2017 em y0chiy50 ea
101 0  @achi
102    @aCN@b110000
105    @ay z 000yy
106    @ar
200 1  @a杜伊威尔的社会政治哲学研究@9du yi wei er de she hui zheng zhi zhe xue yan jiu@dThe research on dooyeweerd's social-political philosophy@f郝涛著@zeng
210    @a北京@c社会科学文献出版社·社会政法分社@d2017
215    @a240页@d24cm
225 1  @a哲学与社会发展文丛
300    @a并列题名:Research on dooyeweerd's social-political philosophy
330    @a本书深入讨论杜伊威尔的社会政治哲学,力图展现出杜伊威尔社会政治哲学的整体图景。在讨论杜伊威尔社会政治哲学之前,先讨论他的哲学批判路径与本体论。在此基础上,介绍杜伊威尔思想的历史背景与社会政治哲学的基本概念。详细探讨杜伊威尔的社会哲学以及他划分社会结构的基本方式。展示了杜伊威尔的国家观,也即其主体——政治哲学。
461  0 @12001 @a哲学与社会发展文丛
510 1  @aResearch on dooyeweerd's social-political philosophy@zeng
606 0  @a社会哲学@x政治哲学@x研究@y荷兰@z现代
610 0  @a杜伊威尔(Dooyeweed, Herman; 1894-1977)
690    @aB563.9@v5
701  0 @a郝涛@9hao tao@4著
801  0 @aCN@b上海新华@c20181010
905    @b1174751-5@dB563.9@e92@f5
    
    杜伊威尔的社会政治哲学研究=The research on dooyeweerd's social-political philosophy/郝涛著.-北京:社会科学文献出版社·社会政法分社,2017
    240页;24cm.-(哲学与社会发展文丛)
    并列题名:Research on dooyeweerd's social-political philosophy
    
    ISBN 978-7-5201-1621-3:CNY68.00
    本书深入讨论杜伊威尔的社会政治哲学,力图展现出杜伊威尔社会政治哲学的整体图景。在讨论杜伊威尔社会政治哲学之前,先讨论他的哲学批判路径与本体论。在此基础上,介绍杜伊威尔思想的历史背景与社会政治哲学的基本概念。详细探讨杜伊威尔的社会哲学以及他划分社会结构的基本方式。展示了杜伊威尔的国家观,也即其主体——政治哲学。
●
相关链接 在E读中查询图书 在五车中查询图书 在当当中查询图书 在豆瓣中查询图书


正题名:杜伊威尔的社会政治哲学研究     索取号:B563.9/92         预约/预借

序号 登录号 条形码 馆藏地/架位号 状态 备注
1 1174751   211747519   第一样本阅览室/ [索取号:B563.9/92] 在馆    
2 1174752   211747528   第一借阅区/ [索取号:B563.9/92] 在馆    
3 1174753   211747537   第一借阅区/ [索取号:B563.9/92] 在馆    
4 1174754   211747546   第一借阅区/ [索取号:B563.9/92] 在馆    
5 1174755   211747555   第一借阅区/ [索取号:B563.9/92] 在馆    
唐山师范学院图书馆 欢迎您!
大连网信软件有限公司© 版权所有